000
00313nam a22001457a 4500
003
SGT
020
_a
97881-7391-634-9
082
_a
305.90
_b
AHL
100
_a
AHLUWALLIA MAJOR H P S
245
_a
SUMMIT OF MIND
260
_a
KANISHKA NEW DELHI
_c
2022
300
_a
476
650
_a
EDUCATION
942
_2
ddc
_c
BK
999
_c
23090
_d
23090